Slovo, obraz, rokenrol /

Main Author: Hrbek, David, 1968-
Language: Czech
Published: Praha : Kniha Zlin, 2019
Edition: Vydání první
Series: WALT
Subjects:
Physical Description: 155 stran : portréty ; 21 cm
Book
Saved in:
LEADER 01550nam a2200481 i 4500
001 nkc20193154917
003 CZ PrNK
005 20191121152559.0
007 ta
008 191022s2019 xr c e 000 1dcze
015 |a cnb003154917 
020 |a 978-80-7473-879-1  |q (brožováno) :  |c Kč 249,00 
035 |a (OCoLC)1130264370 
040 |a OLA001  |b cze  |e rda 
045 |a x-y- 
072 7 |a 929  |x Biografie  |2 Konspekt  |9 8 
080 |a 7.071  |2 MRF 
080 |a 929-058.1  |2 MRF 
080 |a (047.53)  |2 MRF 
100 1 |a Hrbek, David,  |d 1968-  |7 jn20000401069  |4 aut 
245 1 0 |a Slovo, obraz, rokenrol /  |c David Hrbek 
250 |a Vydání první 
264 1 |a Praha :  |b Kniha Zlin,  |c 2019 
300 |a 155 stran :  |b portréty ;  |c 21 cm 
336 |a text  |b txt  |2 rdacontent 
337 |a bez média  |b n  |2 rdamedia 
338 |a svazek  |b nc  |2 rdacarrier 
490 1 |a Walt 
500 |a Obálkový podnázev: rozhovory 
648 7 |a 20.-21. století  |7 ch462155  |2 czenas 
650 0 7 |a umělci  |7 ph116527  |y 20.-21. století  |2 czenas 
650 0 7 |a osobnosti  |7 ph115615  |y 20.-21. století  |2 czenas 
650 0 9 |a artists  |y 20th-21st centuries  |2 eczenas 
650 0 9 |a celebrities  |y 20th-21st centuries  |2 eczenas 
655 7 |a rozhovory  |7 fd133303  |2 czenas 
655 9 |a interviews  |2 eczenas 
830 0 |a WALT  |0 s 
910 2 |a BOA001  |b 2-1434.672 
928 9 |a Albatros Media - Kniha Zlin 
990 |a BK 
995 |a 01 
991 |b 201910  |c NOV 
996 6 |b 2610801712  |c 2-1434.672  |l MZK  |r Sklad / do 1 hodiny  |n 1  |p p.v.  |w 001763706  |u 000010  |a 1  |e BOA001  |j MZK50  |s P